=LDR 00000nam 2200000 4500 =001 INLIS000000000006815 =005 20130612094918 =008 ***********************************Ind** =035 ##$$0010-061300000006815 =041 ##$$a Ind =082 ##$$a 891 =090 ##$$a 891, Kas k =100 ##$$a Rumi, Jalalu'ddin =245 ##$$a Kasidah cinta, Jalaw'ddin Rumi ... [et al.] =260 ##$$a 1982 $b Jakarta =300 ##$$a 139 hlm., 21 cm =650 ##$$a Sajak-Indonesia =850 ##$$a NBPNMAT